| 000 -LEADER |
| fixed length control field |
01090nam a22001457a 4500 |
| 008 - FIXED-LENGTH DATA ELEMENTS--GENERAL INFORMATION |
| fixed length control field |
221207b ||||| |||| 00| 0 eng d |
| 100 ## - MAIN ENTRY--PERSONAL NAME |
| Personal name |
Cravino, J., Levchenko, A. and Rojas M. |
| 245 ## - TITLE STATEMENT |
| Title |
Population aging and structural transformation |
| 260 ## - PUBLICATION, DISTRIBUTION, ETC. (IMPRINT) |
| Place of publication, distribution, etc |
American Economic Journal: Macroeconomics |
| 300 ## - PHYSICAL DESCRIPTION |
| Extent |
14(4), Oct, 2022: p.479-498 |
| 520 ## - SUMMARY, ETC. |
| Summary, etc |
We quantify the role of population aging in the structural transformation process. Household-level data from the United States show that the fraction of expenditures devoted to services increases with household age. We use a shift-share decomposition and a quantitative model to show that US population aging accounted for about a fifth of the observed increase in the service share in consumption between 1982 and 2016. The contribution of population aging to the rise in the service share is about the same size as the contribution of real income growth and about half as large as that of changes in relative prices. – Reproduced |
| 773 ## - HOST ITEM ENTRY |
| Main entry heading |
American Economic Journal: Macroeconomics |
| 906 ## - LOCAL DATA ELEMENT F, LDF (RLIN) |
| Subject DIP |
AGED |
| 942 ## - ADDED ENTRY ELEMENTS (KOHA) |
| Item type |
Articles |